Software engineering (Record no. 142894)
[ view plain ]
| 000 -LEADER | |
|---|---|
| fixed length control field | 00377nam a2200157Ia 4500 |
| 008 - FIXED-LENGTH DATA ELEMENTS--GENERAL INFORMATION | |
| fixed length control field | 230917s9999||||xx |||||||||||||| ||und|| |
| 040 ## - CATALOGING SOURCE | |
| -- | 152585 |
| Original cataloging agency | VIVEKANANDA LIBRARY |
| 041 ## - Language | |
| -- | English |
| 082 ## - DDC NUMBER | |
| Classification number | 005.1 S55S |
| 100 ## - MAIN ENTRY--PERSONAL NAME | |
| Personal name | Sommerville, Ian |
| 245 #0 - TITLE STATEMENT | |
| Title | Software engineering |
| 250 ## - EDITION STATEMENT | |
| Edition statement | 8th ed. |
| 260 ## - PUBLICATION, DISTRIBUTION, ETC. (IMPRINT) | |
| Place of publication, distribution, etc | New Delhi |
| Name of publisher, distributor, etc | Pearson Education |
| Date of publication, distribution, etc | 1982 |
| 300 ## - PHYSICAL DESCRIPTION | |
| Pages | 864 p. |
| 942 ## - ADDED ENTRY ELEMENTS (KOHA) | |
| Koha item type | Books |
| Withdrawn status | Lost status | Damaged status | Not for loan | Location (home branch) | Sublocation or collection (holding branch) | Date acquired | Koha issues (times borrowed) | Koha full call number | Accession No. | Koha date last seen | Koha item type | Shelving location |
|---|---|---|---|---|---|---|---|---|---|---|---|---|
| VIVEKANANDA LIBRARY | VIVEKANANDA LIBRARY | 09/04/2010 | 005.1 S55S | 254109 | 17/09/2023 | Books | ||||||
| VIVEKANANDA LIBRARY | VIVEKANANDA LIBRARY | 09/04/2010 | 005.1 S55S | 254110 | 17/09/2023 | Books | ||||||
| VIVEKANANDA LIBRARY | VIVEKANANDA LIBRARY | 09/04/2010 | 005.1 S55S | 254111 | 17/09/2023 | Books | ||||||
| VIVEKANANDA LIBRARY | VIVEKANANDA LIBRARY | 09/04/2010 | 005.1 S55S | 254112 | 17/09/2023 | Books | ||||||
| VIVEKANANDA LIBRARY | VIVEKANANDA LIBRARY | 09/04/2010 | 005.1 S55S | 254113 | 17/09/2023 | Books | ||||||
| VIVEKANANDA LIBRARY | VIVEKANANDA LIBRARY | 09/04/2010 | 005.1 S55S | 254114 | 17/09/2023 | Books | ||||||
| VIVEKANANDA LIBRARY | VIVEKANANDA LIBRARY | 09/04/2010 | 005.1 S55S | 254115 | 17/09/2023 | Books | ||||||
| VIVEKANANDA LIBRARY | VIVEKANANDA LIBRARY | 09/04/2010 | 005.1 S55S | 254116 | 17/09/2023 | Books | ||||||
| VIVEKANANDA LIBRARY | VIVEKANANDA LIBRARY | 09/04/2010 | 005.1 S55S | 254117 | 17/09/2023 | Books | ||||||
| VIVEKANANDA LIBRARY | VIVEKANANDA LIBRARY | 09/04/2010 | 005.1 S55S | 254118 | 17/09/2023 | Books | ||||||
| VIVEKANANDA LIBRARY | VIVEKANANDA LIBRARY | 09/04/2010 | 005.1 S55S | 286091 | 17/09/2023 | Books | UIET Library | |||||
| VIVEKANANDA LIBRARY | VIVEKANANDA LIBRARY | 09/04/2010 | 005.1 S55S | 286092 | 17/09/2023 | Books | UIET Library | |||||
| VIVEKANANDA LIBRARY | VIVEKANANDA LIBRARY | 09/04/2010 | 005.1 S55S | 286093 | 17/09/2023 | Books | UIET Library | |||||
| VIVEKANANDA LIBRARY | VIVEKANANDA LIBRARY | 09/04/2010 | 005.1 S55S | 286094 | 17/09/2023 | Books | UIET Library |
